BIBLIOTHÈQUE DE LA MAISON DU MEXIQUE

Logo 1 Logo 2

Antología (notice nᵒ 6058)

détails MARC
000 -Sello discográfico
campo de control de longitud fija 00948nam a2200313 4500
005 - Identificación de versión
campo de control 20251016083252.0
010 ## - Número Estándar Internacional de Libros (ISBN)
Número (ISBN) 968-13-1568-5
099 ## - fechas locales
Tipo de ítem Koha LIBRO
100 ## - Datos de procesamiento general
Datos de procesamiento general 20220106d1989 m y1spay5003 ba
105 ## - Campo de datos codificados: Material textual, monográfico
Datos codificados de monografía y 001zy
200 1# - Título y mención de responsabilidad
Título propio Antología
Designación general del material texto impreso
Primer mención de responsabilidad Ramón Xirau
205 ## - Declaración de edición
Declaración de edición 1a ed
210 ## - Publicación, distribución, etc.
Lugar de publicación, distribución, etc. México
Nombre del editor, distribuidor, etc. Editorial Diana
Fecha de publicación, distribución, etc. 1989
215 ## - Descripción física
Designación de material específico y extensión del ítem 366 p
Dimensiones 21 cm
300 ## - Notas generales
Texto de la nota Premio Alfonso Reyes 1988. Ejemplar dedicado por el autor
318 ## - Nota de acción
Acción No se presta a domicilio
345 ## - Nota de información de adquisición
Fuente de adquisición/dirección de la suscripción [OBSOLETO] Donación Jacques-Alain de Sédouy
606 ## - Término temático usado como materia
Elemento de entrada Filosofía
Número Koha 1395
606 ## - Término temático usado como materia
Elemento de entrada Literatura
Número Koha 5395
660 ## - Código de área geográfica
Código MX
700 ## - Nombre personal - Responsabilidad primaria
Elemento de entrada Xirau Subias
Parte del nombre distinta del elemento de entrada Ramón
Fechas 1924-2017
Número Koha 550
801 #0 - Fuente de origen
País FR
Agencia cm
Reglas de catalogación (convenciones descriptivas) AFNOR
900 ## -
-- 1/21632
900 ## -
-- 7100417642\080104
942 ## - ELEMENTOS DE ENTRADA SECUNDARIOS (KOHA)
Tipo de ítem Koha Livre
996 ## -
-- MEX
-- 751145101
-- MMAG
-- 005765
-- R100 X6A
-- 20220107LIV
Exemplaires
Estatus retirado Estado de daño Estado de pérdida Fecha de adquisición Biblioteca de origen Biblioteca actual Ubicación en estantería Código de barras Precio de reemplazo Signatura topográfica completa No para préstamo Tipo de ítem Koha Nota pública Nota no pública
      05/08/2025 Casa México Paris Casa México Paris   005765 05/08/2025 R100 X6A No se presta a domicilio Livre 20220107LIV 751145101